[Event "ROU-chT 1st League 2019"]
[Site "Mamaia"]
[Date "2019.09.26"]
[Round "6.3"]
[White "Rogozenco, Dorian"]
[Black "Georgescu, Tiberiu-Marian"]
[Result "1-0"]
[WhiteElo "2491"]
[BlackElo "2508"]
[Annotator "ChessBase"]
[PlyCount "131"]
[EventDate "2019.09.21"]
[EventType "team-tourn"]
[EventCountry "ROU"]
[SourceTitle "playchess.com"]
[Source "ChessBase"]
[SourceQuality "1"]
[TimeControl "40/5400+30:1800+30"]

1. d4 {[%emt 0:00:00]} d5 {[%emt 0:00:00]} 2. c4 {[%emt 0:00:00]} e6 {[%emt 0:00:00]} 3. Nc3 {[%emt 0:00:19]} Nf6 {[%emt 0:00:00]} 4. cxd5 {[%emt 0:01:35]} exd5 {[%emt 0:00:00]} 5. Bg5 {[%emt 0:00:32]} c6 {[%emt 0:00:22]} 6. e3 {[%emt 0:01:56]} Be7 {[%emt 0:00:09]} 7. Qc2 {[%emt 0:01:35]} Nbd7 {[%emt 0:00:57]} 8. Nf3 {[%emt 0:02:22]} h6 {[%emt 0:04:16]} 9. Bh4 {[%emt 0:02:05]} Nh5 {[%emt 0:02:05]} 10. Bxe7 {[%emt 0:00:58]} Qxe7 {[%emt 0:00:04]} 11. O-O-O {[%emt 0:00:29]} Nb6 {[%emt 0:01:58]} 12. Ne5 {[%emt 0:09:21]} Nf6 {[%emt 0:01:16]} 13. Be2 {[%emt 0:07:01]} Be6 {[%emt 0:10:47]} 14. Rhe1 {[%emt 0:19:16]} O-O-O {[%emt 0:07:37]} 15. Na4 {[%emt 0:00:15]} Nfd7 {[%emt 0:04:55]} 16. Nxd7 {[%emt 0:06:19]} Nxd7 {[%emt 0:03:09]} 17. Bd3 {[%emt 0:05:18]} Kb8 {[%emt 0:02:54]} 18. Kb1 {[%emt 0:00:04]} h5 {[%emt 0:05:16]} 19. Rc1 {[%emt 0:00:35]} Rc8 {[%emt 0:00:43]} 20. Ka1 {[%emt 0:00:05]} Rc7 {[%emt 0:03:10]} 21. Qd2 {[%emt 0:11:00]} Qd6 {[%emt 0:11:50]} 22. h3 {[%emt 0:04:09]} Qh2 {[%emt 0:06:45]} 23. Bf1 {[%emt 0:00:56]} Qd6 {[%emt 0:08:05]} 24. Bd3 {[%emt 0:01:33]} h4 {[%emt 0:03:25]} 25. Rc3 {[%emt 0:01:30]} Qb4 {[%emt 0:01:31]} 26. Qd1 {[%emt 0:02:45]} Ka8 {[%emt 0:06:16]} 27. Nc5 {[%emt 0:13:03]} Nxc5 {[%emt 0:01:16]} 28. Rxc5 {[%emt 0:00:05]} g6 {[%emt 0:03:31]} 29. Qe2 {[%emt 0:01:39]} Kb8 {[%emt 0:04:14]} 30. Rec1 {[%emt 0:00:22]} Rh5 {[%emt 0:02:29]} 31. Bb5 {[%emt 0:02:02]} a6 {[%emt 0:04:09]} 32. a3 {[%emt 0:01:48]} Qxb5 {[%emt 0:00:38]} 33. Rxb5 {[%emt 0:00:05]} axb5 {[%emt 0:00:54]} 34. Qe1 {[%emt 0:02:26]} Rg5 {[%emt 0:00:56]} 35. Qh1 {[%emt 0:01:18]} Kc8 {[%emt 0:00:31]} 36. Qh2 {[%emt 0:00:17]} Kd7 {[%emt 0:00:12]} 37. Rg1 {[%emt 0:01:49]} Rf5 {[%emt 0:00:33]} 38. f3 {[%emt 0:01:10]} Rc8 {[%emt 0:00:25]} 39. e4 {[%emt 0:00:19]} Rh5 {[%emt 0:01:04]} 40. Qf4 {[%emt 0:00:00]} Ra8 {[%emt 0:00:00]} 41. Kb1 {[%emt 0:04:25]} b4 {[%emt 0:08:10]} 42. axb4 {[%emt 0:03:06]} dxe4 {[%emt 0:01:28]} 43. fxe4 {[%emt 0:02:37]} Rb5 {[%emt 0:06:58]} 44. d5 {[%emt 0:06:10]} cxd5 {[%emt 0:06:50]} 45. Rc1 {[%emt 0:00:07]} Rc8 {[%emt 0:03:00]} 46. Rxc8 {[%emt 0:01:13]} Kxc8 {[%emt 0:00:04]} 47. e5 {[%emt 0:00:54]} Rb6 {[%emt 0:05:26]} 48. Qxh4 {[%emt 0:04:20]} Rc6 {[%emt 0:00:46]} 49. b5 {[%emt 0:05:46]} Bf5+ {[%emt 0:02:03]} 50. Ka2 {[%emt 0:00:17]} Re6 {[%emt 0:00:13]} 51. Qd4 {[%emt 0:03:37]} Re7 {[%emt 0:01:14]} 52. g4 {[%emt 0:00:53]} Be6 {[%emt 0:00:04]} 53. b6 {[%emt 0:01:06]} Kd8 {[%emt 0:01:02]} 54. h4 {[%emt 0:00:23]} Ke8 {[%emt 0:00:41]} 55. h5 {[%emt 0:00:15]} gxh5 {[%emt 0:00:31]} 56. gxh5 {[%emt 0:00:06]} Bf5 {[%emt 0:00:21]} 57. Qa4+ {[%emt 0:01:39]} Kf8 {[%emt 0:00:28]} 58. Qa8+ {[%emt 0:00:21]} Re8 {[%emt 0:00:40]} 59. Qxb7 {[%emt 0:00:06]} d4 {[%emt 0:00:10]} 60. Qc7 {[%emt 0:00:47]} d3 {[%emt 0:00:56]} 61. b7 {[%emt 0:01:06]} d2 {[%emt 0:00:02]} 62. Qd6+ {[%emt 0:00:27]} Kg7 {[%emt 0:00:18]} 63. Qxd2 {[%emt 0:00:49]} Be6+ {[%emt 0:00:01]} 64. Ka3 {[%emt 0:00:26]} Rb8 {[%emt 0:00:09]} 65. Qg5+ {[%emt 0:00:29]} Kf8 {[%emt 0:00:02]} 66. h6 {[%emt 0:00:18]} 1-0

[Event "ROU-chT 1st League 2019"]
[Site "Mamaia"]
[Date "2019.09.26"]
[Round "6.4"]
[White "David, Alexandru-Vasile"]
[Black "Manolache, Marius"]
[Result "0-1"]
[WhiteElo "2424"]
[BlackElo "2548"]
[Annotator "ChessBase"]
[PlyCount "120"]
[EventDate "2019.09.21"]
[EventType "team-tourn"]
[EventCountry "ROU"]
[SourceTitle "playchess.com"]
[Source "ChessBase"]
[SourceQuality "1"]
[TimeControl "40/5400+30:1800+30"]

1. d4 {[%emt 0:00:00]} Nf6 {[%emt 0:00:00]} 2. c4 {[%emt 0:00:04]} c5 {[%emt 0:00:00]} 3. d5 {[%emt 0:00:30]} d6 {[%emt 0:00:02]} 4. Nc3 {[%emt 0:00:08]} g6 {[%emt 0:00:12]} 5. e4 {[%emt 0:00:19]} Bg7 {[%emt 0:00:07]} 6. Nf3 {[%emt 0:00:19]} O-O {[%emt 0:00:08]} 7. h3 {[%emt 0:00:04]} e6 {[%emt 0:00:09]} 8. Bd3 {[%emt 0:00:07]} Na6 {[%emt 0:03:41]} 9. O-O {[%emt 0:05:06]} Nc7 {[%emt 0:00:24]} 10. Bg5 {[%emt 0:00:58]} h6 {[%emt 0:01:03]} 11. Be3 {[%emt 0:01:01]} exd5 {[%emt 0:00:30]} 12. cxd5 {[%emt 0:03:12]} b5 {[%emt 0:08:23]} 13. a3 {[%emt 0:02:13]} Re8 {[%emt 0:18:12]} 14. b4 {[%emt 0:04:00]} Nxe4 {[%emt 0:15:54]} 15. Nxe4 {[%emt 0:00:16]} Nxd5 {[%emt 0:00:05]} 16. Rc1 {[%emt 0:01:52]} Nxe3 {[%emt 0:03:06]} 17. fxe3 {[%emt 0:00:10]} Bb7 {[%emt 0:00:22]} 18. bxc5 {[%emt 0:16:35]} Bxe4 {[%emt 0:03:14]} 19. Bxe4 {[%emt 0:01:47]} Rxe4 {[%emt 0:00:06]} 20. cxd6 {[%emt 0:04:14]} Re6 {[%emt 0:04:21]} 21. d7 {[%emt 0:01:28]} Re7 {[%emt 0:00:14]} 22. Qd5 {[%emt 0:02:24]} Rxd7 {[%emt 0:00:09]} 23. Qxb5 {[%emt 0:00:04]} Re7 {[%emt 0:01:50]} 24. Qc4 {[%emt 0:08:53]} Qe8 {[%emt 0:04:19]} 25. Qa6 {[%emt 0:18:05]} Rxe3 {[%emt 0:03:20]} 26. Rc7 {[%emt 0:00:08]} Re7 {[%emt 0:03:21]} 27. Rfc1 {[%emt 0:01:09]} Rxc7 {[%emt 0:00:18]} 28. Rxc7 {[%emt 0:00:06]} Bd4+ {[%emt 0:05:36]} 29. Kh1 {[%emt 0:00:21]} Bb6 {[%emt 0:02:46]} 30. Rc1 {[%emt 0:01:25]} Rd8 {[%emt 0:00:26]} 31. Qc4 {[%emt 0:00:31]} Qd7 {[%emt 0:00:38]} 32. Qf4 {[%emt 0:06:06]} Kg7 {[%emt 0:05:22]} 33. Qe5+ {[%emt 0:01:06]} f6 {[%emt 0:02:17]} 34. Qc3 {[%emt 0:01:59]} g5 {[%emt 0:02:06]} 35. Rf1 {[%emt 0:02:51]} Qd6 {[%emt 0:03:11]} 36. Nh2 {[%emt 0:07:19]} Re8 {[%emt 0:00:56]} 37. Qf3 {[%emt 0:02:48]} Re3 {[%emt 0:05:18]} 38. Qf5 {[%emt 0:04:02]} Qe6 {[%emt 0:00:21]} 39. Qb1 {[%emt 0:03:47]} Qe4 {[%emt 0:01:53]} 40. Qb5 {[%emt 0:00:00]} Qd3 {[%emt 0:00:00]} 41. Qc6 {[%emt 0:03:35]} Bd8 {[%emt 0:06:13]} 42. Qb7+ {[%emt 0:02:24]} Re7 {[%emt 0:00:51]} 43. Qc6 {[%emt 0:01:08]} Rc7 {[%emt 0:03:10]} 44. Qe8 {[%emt 0:02:48]} Be7 {[%emt 0:02:34]} 45. a4 {[%emt 0:01:11]} Bb4 {[%emt 0:05:37]} 46. Qb8 {[%emt 0:01:46]} Ba5 {[%emt 0:01:18]} 47. Qb2 {[%emt 0:01:41]} Bc3 {[%emt 0:02:33]} 48. Qb3 {[%emt 0:00:05]} Rd7 {[%emt 0:00:51]} 49. Qe6 {[%emt 0:06:57]} Be5 {[%emt 0:00:27]} 50. Re1 {[%emt 0:01:33]} Qd6 {[%emt 0:01:10]} 51. Qxd6 {[%emt 0:00:31]} Rxd6 {[%emt 0:00:05]} 52. Kg1 {[%emt 0:02:22]} h5 {[%emt 0:02:47]} 53. g4 {[%emt 0:01:48]} Rd3 {[%emt 0:01:55]} 54. Rb1 {[%emt 0:02:14]} Rxh3 {[%emt 0:00:25]} 55. Rb7+ {[%emt 0:00:04]} Kh6 {[%emt 0:00:15]} 56. Nf1 {[%emt 0:00:11]} Ra3 {[%emt 0:00:46]} 57. Kg2 {[%emt 0:00:50]} hxg4 {[%emt 0:00:54]} 58. Rxa7 {[%emt 0:00:30]} Ra2+ {[%emt 0:00:05]} 59. Kh1 {[%emt 0:00:16]} g3 {[%emt 0:00:08]} 60. Ne3 {[%emt 0:00:10]} g2+ {[%emt 0:00:15]} 0-1

[Event "ROU-chT 1st League 2019"]
[Site "Mamaia"]
[Date "2019.09.26"]
[Round "6.5"]
[White "Anton, Teodor"]
[Black "Stoleriu, George"]
[Result "1-0"]
[WhiteElo "2445"]
[BlackElo "2351"]
[Annotator "NA"]
[PlyCount "45"]
[EventDate "2019.09.21"]
[EventType "team-tourn"]
[EventCountry "ROU"]
[SourceTitle "playchess.com"]
[Source "ChessBase"]
[SourceQuality "1"]
[TimeControl "40/5400+30:1800+30"]

1. Nf3 {[%emt 0:00:00]} Nf6 {[%emt 0:00:00]} 2. c4 {[%emt 0:00:26]} e6 {[%emt 0:00:00]} 3. d4 {[%emt 0:00:20]} Bb4+ {[%emt 0:00:31]} 4. Nbd2 {[%emt 0:00:17]} O-O {[%emt 0:00:26]} 5. a3 {[%emt 0:00:25]} Be7 {[%emt 0:00:53]} 6. e4 {[%emt 0:02:47]} d6 {[%emt 0:00:23]} 7. Bd3 {[%emt 0:03:21]} Nfd7 {[%emt 0:01:59]} 8. b4 {[%emt 0:02:59]} e5 {[%emt 0:03:21]} 9. d5 {[%emt 0:02:00]} a5 {[%emt 0:03:55]} 10. Bb2 {[%emt 0:03:01]} c6 {[%emt 0:03:07]} 11. O-O {[%emt 0:02:10]} Nb6 {[%emt 0:18:50]} 12. c5 {[%emt 0:07:35]} dxc5 {[%emt 0:02:31]} 13. bxc5 {[%emt 0:03:23]} Bxc5 {[%emt 0:01:12]} 14. Nxe5 {[%emt 0:02:54]} f6 {[%emt 0:25:08]} 15. Nef3 {[%emt 0:05:11]} cxd5 {[%emt 0:04:04]} 16. Qc2 {[%emt 0:02:11]} dxe4 {[%emt 0:08:54]} 17. Nxe4 {[%emt 0:06:30]} Be7 {[%emt 0:00:15]} 18. Rad1 {[%emt 0:00:25]} Kh8 {[%emt 0:01:58]} 19. Ng3 {[%emt 0:06:07]} Bg4 {[%emt 0:03:22]} 20. Bxh7 {[%emt 0:03:00]} Qc8 {[%emt 0:00:05]} 21. Qg6 {[%emt 0:06:17]} Qe8 {[%emt 0:06:01]} 22. Qxg4 {[%emt 0:01:14]} Kxh7 {[%emt 0:00:02]} 23. Qh3+ {[%emt 0:01:32]} 1-0

[Event "ROU-chT 1st League 2019"]
[Site "Mamaia"]
[Date "2019.09.26"]
[Round "6.6"]
[White "Petrisor, Adrian-Marian"]
[Black "Banzea, Alexandru-Bogdan"]
[Result "1/2-1/2"]
[WhiteElo "2411"]
[BlackElo "2401"]
[Annotator "NA"]
[PlyCount "35"]
[EventDate "2019.09.21"]
[EventType "team-tourn"]
[EventCountry "ROU"]
[SourceTitle "playchess.com"]
[Source "ChessBase"]
[SourceQuality "1"]
[TimeControl "40/5400+30:1800+30"]

1. e4 {[%emt 0:00:00]} c6 {[%emt 0:00:00]} 2. d4 {[%emt 0:00:00]} d5 {[%emt 0:00:02]} 3. e5 {[%emt 0:01:59]} Bf5 {[%emt 0:00:09]} 4. Nf3 {[%emt 0:01:21]} e6 {[%emt 0:00:22]} 5. Be2 {[%emt 0:00:30]} Nd7 {[%emt 0:00:45]} 6. O-O {[%emt 0:00:44]} h6 {[%emt 0:00:07]} 7. Nbd2 {[%emt 0:02:59]} Ne7 {[%emt 0:02:19]} 8. Re1 {[%emt 0:03:52]} a6 {[%emt 0:04:01]} 9. Nf1 {[%emt 0:00:58]} c5 {[%emt 0:08:17]} 10. Ne3 {[%emt 0:05:58]} Be4 {[%emt 0:03:13]} 11. dxc5 {[%emt 0:24:52]} Bxf3 {[%emt 0:14:10]} 12. Bxf3 {[%emt 0:00:10]} Nxe5 {[%emt 0:01:16]} 13. Be2 {[%emt 0:15:23]} g6 {[%emt 0:10:16]} 14. Ng4 {[%emt 0:13:50]} Nxg4 {[%emt 0:07:28]} 15. Bxg4 {[%emt 0:00:05]} Bg7 {[%emt 0:00:29]} 16. c4 {[%emt 0:00:15]} O-O {[%emt 0:00:40]} 17. cxd5 {[%emt 0:00:04]} Nxd5 {[%emt 0:01:48]} 18. Bf3 1/2-1/2

[Event "ROU-chT 1st League 2019"]
[Site "Mamaia"]
[Date "2019.09.26"]
[Round "6.7"]
[White "Parligras, Mircea-Emilian"]
[Black "Kozak, Adam"]
[Result "1/2-1/2"]
[WhiteElo "2629"]
[BlackElo "2512"]
[Annotator "ChessBase"]
[PlyCount "46"]
[EventDate "2019.09.21"]
[EventType "team-tourn"]
[EventCountry "ROU"]
[SourceTitle "playchess.com"]
[Source "ChessBase"]
[SourceQuality "1"]
[TimeControl "40/5400+30:1800+30"]

1. d4 {[%emt 0:03:22]} Nf6 {[%emt 0:00:00]} 2. c4 {[%emt 0:00:08]} e6 {[%emt 0:00:00]} 3. Nf3 {[%emt 0:00:07]} d5 {[%emt 0:00:00]} 4. Nc3 {[%emt 0:00:13]} Nbd7 {[%emt 0:00:00]} 5. Qc2 {[%emt 0:00:20]} dxc4 {[%emt 0:00:17]} 6. e4 {[%emt 0:00:26]} c5 {[%emt 0:00:12]} 7. dxc5 {[%emt 0:00:26]} Bxc5 {[%emt 0:01:01]} 8. Bxc4 {[%emt 0:00:11]} a6 {[%emt 0:00:13]} 9. O-O {[%emt 0:04:58]} Qc7 {[%emt 0:00:13]} 10. Qe2 {[%emt 0:02:51]} b5 {[%emt 0:00:23]} 11. Bd3 {[%emt 0:02:23]} b4 {[%emt 0:11:05]} 12. Na4 {[%emt 0:02:37]} Be7 {[%emt 0:12:16]} 13. Bd2 {[%emt 0:07:20]} Bb7 {[%emt 0:01:41]} 14. Rfc1 {[%emt 0:03:25]} Qb8 {[%emt 0:07:49]} 15. a3 {[%emt 0:06:38]} bxa3 {[%emt 0:06:02]} 16. bxa3 {[%emt 0:01:43]} O-O {[%emt 0:04:44]} 17. Bb4 {[%emt 0:05:20]} Qd8 {[%emt 0:04:41]} 18. Rab1 {[%emt 0:14:15]} Rb8 {[%emt 0:01:05]} 19. Nc5 {[%emt 0:09:26]} Nxc5 {[%emt 0:08:32]} 20. Bxc5 {[%emt 0:00:05]} Bxc5 {[%emt 0:00:08]} 21. Rxc5 {[%emt 0:00:03]} Ba8 {[%emt 0:01:58]} 22. Rxb8 {[%emt 0:03:14]} Qxb8 {[%emt 0:00:12]} 23. Qc2 {[%emt 0:00:31]} h6 {[%emt 0:02:46]} 1/2-1/2

[Event "ROU-chT 1st League 2019"]
[Site "Mamaia"]
[Date "2019.09.26"]
[Round "6.8"]
[White "Gavrilescu, David"]
[Black "Deac, Bogdan-Daniel"]
[Result "1/2-1/2"]
[WhiteElo "2451"]
[BlackElo "2613"]
[Annotator "ChessBase"]
[PlyCount "83"]
[EventDate "2019.09.21"]
[EventType "team-tourn"]
[EventCountry "ROU"]
[SourceTitle "playchess.com"]
[Source "ChessBase"]
[SourceQuality "1"]
[TimeControl "40/5400+30:1800+30"]

1. e4 {[%emt 0:00:00]} e5 {[%emt 0:00:00]} 2. Nf3 {[%emt 0:00:03]} Nc6 {[%emt 0:00:03]} 3. d4 {[%emt 0:00:52]} exd4 {[%emt 0:00:06]} 4. Nxd4 {[%emt 0:00:27]} Nf6 {[%emt 0:00:09]} 5. Nxc6 {[%emt 0:00:33]} bxc6 {[%emt 0:00:03]} 6. e5 {[%emt 0:00:17]} Qe7 {[%emt 0:00:03]} 7. Qe2 {[%emt 0:00:27]} Nd5 {[%emt 0:00:03]} 8. h4 {[%emt 0:00:21]} Qe6 {[%emt 0:05:44]} 9. Nd2 {[%emt 0:01:21]} d6 {[%emt 0:01:50]} 10. exd6 {[%emt 0:01:08]} Bxd6 {[%emt 0:00:02]} 11. Nc4 {[%emt 0:00:51]} Bc5 {[%emt 0:00:03]} 12. a3 {[%emt 0:01:14]} O-O {[%emt 0:00:03]} 13. Qxe6 {[%emt 0:01:33]} Bxe6 {[%emt 0:00:03]} 14. Bd3 {[%emt 0:01:18]} a5 {[%emt 0:01:55]} 15. O-O {[%emt 0:01:41]} Bd4 {[%emt 0:04:23]} 16. Re1 {[%emt 0:04:44]} Rfb8 {[%emt 0:05:32]} 17. Ne5 {[%emt 0:14:46]} Bxb2 {[%emt 0:08:37]} 18. Bxb2 {[%emt 0:00:38]} Rxb2 {[%emt 0:00:02]} 19. Nxc6 {[%emt 0:00:13]} Rb6 {[%emt 0:02:23]} 20. Nd4 {[%emt 0:02:19]} Nf4 {[%emt 0:00:11]} 21. Nxe6 {[%emt 0:01:05]} Nxd3 {[%emt 0:00:56]} 22. Nxc7 {[%emt 0:01:08]} Nxe1 {[%emt 0:00:05]} 23. Nxa8 {[%emt 0:00:06]} Nxc2 {[%emt 0:00:06]} 24. Nxb6 {[%emt 0:01:11]} Nxa1 {[%emt 0:00:06]} 25. Nc4 {[%emt 0:02:11]} Nb3 {[%emt 0:06:00]} 26. Kf1 {[%emt 0:01:15]} f5 {[%emt 0:00:15]} 27. Ke2 {[%emt 0:09:58]} Kf7 {[%emt 0:00:16]} 28. Kd3 {[%emt 0:04:22]} Ke6 {[%emt 0:00:14]} 29. Kc3 {[%emt 0:04:02]} Nc5 {[%emt 0:00:28]} 30. Nxa5 {[%emt 0:04:44]} Ne4+ {[%emt 0:00:06]} 31. Kd4 {[%emt 0:00:08]} Nxf2 {[%emt 0:00:06]} 32. Nc4 {[%emt 0:00:29]} h6 {[%emt 0:06:02]} 33. a4 {[%emt 0:05:35]} g5 {[%emt 0:00:21]} 34. a5 {[%emt 0:00:37]} Kd7 {[%emt 0:00:09]} 35. h5 {[%emt 0:04:58]} f4 {[%emt 0:03:25]} 36. Ne5+ {[%emt 0:04:21]} Kc7 {[%emt 0:00:08]} 37. Nf7 {[%emt 0:00:20]} Ng4 {[%emt 0:02:43]} 38. Ke4 {[%emt 0:00:09]} Kb7 {[%emt 0:04:12]} 39. Kf3 {[%emt 0:01:36]} Nh2+ {[%emt 0:00:24]} 40. Ke4 {[%emt 0:00:00]} Ng4 {[%emt 0:00:00]} 41. Kf5 {[%emt 0:02:39]} Ne3+ 42. Ke4 {[%emt 0:03:41]} 1/2-1/2

[Event "ROU-chT 1st League 2019"]
[Site "Mamaia"]
[Date "2019.09.26"]
[Round "6.9"]
[White "Svetushkin, Dmitry"]
[Black "Pisu, Robert-Daniel"]
[Result "1-0"]
[WhiteElo "2534"]
[BlackElo "2244"]
[Annotator "ChessBase"]
[PlyCount "63"]
[EventDate "2019.09.21"]
[EventType "team-tourn"]
[EventCountry "ROU"]
[SourceTitle "playchess.com"]
[Source "ChessBase"]
[SourceQuality "1"]
[TimeControl "40/5400+30:1800+30"]

1. e4 {[%emt 0:00:00]} e5 {[%emt 0:00:53]} 2. Nf3 {[%emt 0:00:00]} Nc6 {[%emt 0:00:08]} 3. Bb5 {[%emt 0:00:00]} Nf6 {[%emt 0:00:12]} 4. d3 {[%emt 0:00:02]} Bc5 {[%emt 0:00:12]} 5. Bxc6 {[%emt 0:00:24]} dxc6 {[%emt 0:00:17]} 6. Nbd2 {[%emt 0:00:06]} Be6 {[%emt 0:03:41]} 7. O-O {[%emt 0:00:14]} Nd7 {[%emt 0:02:42]} 8. Nb3 {[%emt 0:00:21]} Bd6 {[%emt 0:12:48]} 9. Na5 {[%emt 0:01:39]} Rb8 {[%emt 0:02:17]} 10. a3 {[%emt 0:05:01]} c5 {[%emt 0:10:39]} 11. Be3 {[%emt 0:01:13]} O-O {[%emt 0:02:57]} 12. c3 {[%emt 0:14:47]} c6 {[%emt 0:15:00]} 13. b4 {[%emt 0:04:49]} Qc7 {[%emt 0:05:32]} 14. Ng5 {[%emt 0:01:47]} Rbe8 {[%emt 0:04:55]} 15. g3 {[%emt 0:05:25]} b6 {[%emt 0:09:37]} 16. Nxe6 {[%emt 0:01:30]} Rxe6 {[%emt 0:00:04]} 17. Nc4 {[%emt 0:02:06]} Kh8 {[%emt 0:00:21]} 18. Rc1 {[%emt 0:03:20]} Ree8 {[%emt 0:04:23]} 19. Qg4 {[%emt 0:01:58]} cxb4 {[%emt 0:02:11]} 20. cxb4 {[%emt 0:00:41]} c5 {[%emt 0:00:43]} 21. h4 {[%emt 0:02:48]} cxb4 {[%emt 0:05:31]} 22. Nxb6 {[%emt 0:04:15]} Nf6 {[%emt 0:00:06]} 23. Qf5 {[%emt 0:01:37]} Qb8 {[%emt 0:01:23]} 24. Nc4 {[%emt 0:00:28]} bxa3 {[%emt 0:02:31]} 25. h5 {[%emt 0:05:00]} Bb4 {[%emt 0:05:51]} 26. h6 {[%emt 0:03:35]} Re6 {[%emt 0:00:02]} 27. hxg7+ {[%emt 0:00:27]} Kxg7 {[%emt 0:00:01]} 28. d4 {[%emt 0:01:55]} Rfe8 {[%emt 0:03:01]} 29. d5 {[%emt 0:03:05]} Ra6 {[%emt 0:00:07]} 30. f4 {[%emt 0:01:37]} exf4 {[%emt 0:06:20]} 31. Bd4 {[%emt 0:01:19]} h6 {[%emt 0:00:27]} 32. Rxf4 {[%emt 0:00:48]} 1-0

[Event "ROU-chT 1st League 2019"]
[Site "Mamaia"]
[Date "2019.09.26"]
[Round "6.10"]
[White "Coca, Cristi-Iulian"]
[Black "Iordachescu, Viorel"]
[Result "1-0"]
[WhiteElo "2106"]
[BlackElo "2602"]
[Annotator "ChessBase"]
[PlyCount "57"]
[EventDate "2019.09.21"]
[EventType "team-tourn"]
[EventCountry "ROU"]
[SourceTitle "playchess.com"]
[Source "ChessBase"]
[SourceQuality "1"]
[TimeControl "40/5400+30:1800+30"]

1. e4 {[%emt 0:00:00]} g6 {[%emt 0:00:00]} 2. d4 {[%emt 0:00:00]} Bg7 {[%emt 0:00:00]} 3. Nc3 {[%emt 0:00:17]} c6 {[%emt 0:00:00]} 4. Be3 {[%emt 0:01:06]} Qb6 {[%emt 0:00:47]} 5. Qd2 {[%emt 0:03:14]} Qxb2 {[%emt 0:00:19]} 6. Rb1 {[%emt 0:00:30]} Qa3 {[%emt 0:00:07]} 7. Bd3 {[%emt 0:03:33]} d6 {[%emt 0:00:37]} 8. Nge2 {[%emt 0:01:03]} Qa5 {[%emt 0:02:10]} 9. f4 {[%emt 0:07:57]} Nf6 {[%emt 0:00:30]} 10. h3 {[%emt 0:01:14]} e5 {[%emt 0:03:37]} 11. dxe5 {[%emt 0:03:09]} dxe5 {[%emt 0:00:07]} 12. f5 {[%emt 0:03:03]} gxf5 {[%emt 0:11:20]} 13. exf5 {[%emt 0:01:05]} h5 {[%emt 0:09:00]} 14. O-O {[%emt 0:02:23]} h4 {[%emt 0:00:36]} 15. Bc4 {[%emt 0:02:47]} Nbd7 {[%emt 0:02:20]} 16. Kh1 {[%emt 0:06:39]} Bf8 {[%emt 0:01:55]} 17. Bg5 {[%emt 0:06:51]} Be7 {[%emt 0:03:07]} 18. Rbe1 {[%emt 0:01:32]} Qb4 {[%emt 0:02:02]} 19. Bb3 {[%emt 0:05:41]} b6 {[%emt 0:03:46]} 20. a3 {[%emt 0:23:32]} Qc5 {[%emt 0:07:01]} 21. Rd1 {[%emt 0:02:34]} Qa5 {[%emt 0:06:55]} 22. Be6 {[%emt 0:04:01]} Nc5 {[%emt 0:15:40]} 23. Bxf6 {[%emt 0:01:36]} Bxf6 {[%emt 0:00:22]} 24. Qd6 {[%emt 0:00:42]} Ba6 {[%emt 0:26:35]} 25. Ne4 {[%emt 0:06:41]} Rh6 {[%emt 0:01:20]} 26. Nxc5 {[%emt 0:00:57]} fxe6 {[%emt 0:01:22]} 27. Qxe6+ {[%emt 0:02:29]} Be7 {[%emt 0:00:27]} 28. f6 {[%emt 0:01:03]} Qxc5 {[%emt 0:01:24]} 29. f7+ {[%emt 0:00:05]} 1-0

[Event "ROU-chT 1st League 2019"]
[Site "Mamaia"]
[Date "2019.09.26"]
[Round "6.11"]
[White "Nevednichy, Vladislav"]
[Black "Dobrin, Ionut-Alexandru"]
[Result "1-0"]
[WhiteElo "2522"]
[BlackElo "2089"]
[Annotator "ChessBase"]
[PlyCount "77"]
[EventDate "2019.09.21"]
[EventType "team-tourn"]
[EventCountry "ROU"]
[SourceTitle "playchess.com"]
[Source "ChessBase"]
[SourceQuality "1"]
[TimeControl "40/5400+30:1800+30"]

1. e4 {[%emt 0:00:00]} c5 {[%emt 0:00:00]} 2. Na3 {[%emt 0:00:00]} e6 {[%emt 0:00:05]} 3. c3 {[%emt 0:00:18]} d5 {[%emt 0:01:52]} 4. e5 {[%emt 0:00:18]} Nc6 {[%emt 0:01:04]} 5. Nf3 {[%emt 0:03:16]} Qb6 {[%emt 0:02:55]} 6. Nc2 {[%emt 0:07:02]} Bd7 {[%emt 0:06:25]} 7. d4 {[%emt 0:01:21]} f6 {[%emt 0:05:36]} 8. Bd3 {[%emt 0:03:20]} O-O-O {[%emt 0:06:00]} 9. O-O {[%emt 0:00:57]} cxd4 {[%emt 0:08:45]} 10. cxd4 {[%emt 0:00:11]} Nge7 {[%emt 0:01:02]} 11. b4 {[%emt 0:06:17]} Ng6 {[%emt 0:03:50]} 12. b5 {[%emt 0:04:01]} Nb4 {[%emt 0:05:43]} 13. Nxb4 {[%emt 0:01:18]} Bxb4 {[%emt 0:00:10]} 14. Qb3 {[%emt 0:02:26]} Be7 {[%emt 0:05:13]} 15. a4 {[%emt 0:04:38]} a5 {[%emt 0:00:36]} 16. Bxg6 {[%emt 0:00:44]} hxg6 {[%emt 0:00:12]} 17. Qc2+ {[%emt 0:00:02]} Kb8 {[%emt 0:00:59]} 18. Qxg6 {[%emt 0:00:04]} Rdf8 {[%emt 0:07:27]} 19. Ba3 {[%emt 0:02:10]} Qd8 {[%emt 0:02:25]} 20. Qxg7 {[%emt 0:02:49]} Bxa3 {[%emt 0:00:11]} 21. Rxa3 {[%emt 0:00:01]} Rhg8 {[%emt 0:02:51]} 22. Qh6 {[%emt 0:00:43]} Qe7 {[%emt 0:01:49]} 23. Rfa1 {[%emt 0:01:02]} Rh8 {[%emt 0:01:51]} 24. Qd2 {[%emt 0:00:43]} b6 {[%emt 0:01:03]} 25. exf6 {[%emt 0:00:06]} Rxf6 {[%emt 0:04:50]} 26. Ne5 {[%emt 0:01:11]} Rfh6 {[%emt 0:01:11]} 27. h3 {[%emt 0:02:49]} Rf6 {[%emt 0:03:07]} 28. Rc3 {[%emt 0:01:09]} Kb7 {[%emt 0:03:30]} 29. Qg5 {[%emt 0:01:40]} Rhf8 {[%emt 0:02:16]} 30. Rac1 {[%emt 0:00:27]} Be8 {[%emt 0:01:38]} 31. Ng4 {[%emt 0:00:59]} R6f7 {[%emt 0:00:27]} 32. Qe5 {[%emt 0:00:04]} Qd7 {[%emt 0:02:23]} 33. Rc6 {[%emt 0:00:56]} Qd8 {[%emt 0:00:36]} 34. R6c3 {[%emt 0:01:56]} Re7 {[%emt 0:01:32]} 35. Rc8 {[%emt 0:01:57]} Qxc8 {[%emt 0:00:27]} 36. Rxc8 {[%emt 0:00:03]} Kxc8 {[%emt 0:00:07]} 37. Qd6 {[%emt 0:00:03]} Rff7 {[%emt 0:01:38]} 38. Ne5 {[%emt 0:00:21]} Rg7 {[%emt 0:01:07]} 39. Qxb6 {[%emt 0:00:06]} 1-0